000
00504nam a2200181Ia 4500
008
090123s9999 xx 000 0 und d
082
_b
2991
_a
891.463/कदम
100
_a
कदम बाबा
245
_a
राजधानी
250
_a
1
260
_b
मॅजेस्टिक प्रकाशन
300
_a
294
600
_a
कदम बाबा
630
_a
राजधानी
700
_a
कदम बाबा
730
_a
राजधानी
942
_c
BOOK
999
_c
41071
_d
41071